| 000 | 01611cam a22001934a 4500 | ||
|---|---|---|---|
| 999 |
_c7265 _d7265 |
||
| 020 | _a0072262656 (pbk.) | ||
| 020 | _a9780072262650 | ||
| 050 | 0 | 0 |
_aQA76.9.D3 _b.H83 |
| 100 | 1 | _aHowson, Cindi. | |
| 245 | 1 | 0 |
_aBusiness Objects XI : _bthe complete reference / _cCindi Howson. |
| 260 |
_aNew York : _bMcGraw-Hill Professional, _cc2006. |
||
| 300 |
_axxii, 650 p. : _bill. ; _c24 cm. |
||
| 500 | _aIncludes index | ||
| 505 | _aPART I: GETTING READY FOR BUSINESS OBJECTS XIChapter 1: Introduction to Business Intelligence Chapter 2: Goals of Deploying Business Objects XIChapter 3: Understanding your UsersChapter 4: Marketing Your BusinessObjects XIChapter 5: Under the Covers: Migrating to a New ArchitecturePART II: A BETTER UNIVERSEChapter 6: Universe Design PrinciplesChapter 7: Using Designer to Build a Basic Universe Chapter 8: Universe JoinsChapter 9: Classes and ObjectsChapter 10: List of Values Chapter 11: Advanced Objects Chapter 12: Multidimensional Analysis Chapter 13: Securing the System Chapter 14: Design Principles: Where to Put the IntelligenceChapter 15: Minimizing Universe MaintenanceChapter 16: Getting Ready for ProductionPART III: REPORTING AND ANALYSISChapter 17: Navigating InfoViewChapter 18: Working with DocumentsChapter 19: Analyzing the DataChapter 20: Creating a New QueryChapter 21: Advanced Report and Chart FormattingChapter 22: Formulas and VariablesChapter 23: Complex QueriesChapter 24: Desktop IntelligenceBIBLIOGRAPHYINDEX | ||
| 650 | 0 | _aRelational databases. | |
| 650 | 0 |
_aBusiness _xData processing. |
|
| 650 | 0 |
_aBusiness intelligence _xData processing. |
|
| 942 | _cBK | ||